Catalogo geral da bibliotheca do Atheneu Commercial do Porto (Record no. 184855)
[ view plain ]
| 000 -LEADER | |
|---|---|
| campo de control de longitud fija | 00640nam a2200169 i 4500 |
| 001 - NÚMERO DE CONTROL | |
| campo de control | 184855 |
| 003 - IDENTIFICADOR DE NÚMERO DE CONTROL | |
| campo de control | ES-MaACL |
| 005 - FECHA Y HORA DE LA ÚLTIMA TRANSACCIÓN | |
| campo de control | 20250902004609.0 |
| 008 - DATOS DE LONGITUD FIJA--INFORMACIÓN GENERAL | |
| campo de control de longitud fija | 160205s1888 po |||| | por d |
| 110 2# - ENTRADA PRINCIPAL--NOMBRE DE ENTIDAD CORPORATIVA | |
| Nombre de entidad corporativa o nombre de jurisdicción como elemento de entrada | Ateneu Comercial do Porto. |
| Unidad subordinada | Biblioteca |
| 9 (RLIN) | 158692 |
| 245 10 - MENCIÓN DEL TÍTULO | |
| Título | Catalogo geral da bibliotheca do Atheneu Commercial do Porto |
| Resto del título | : concluido em Dezembro de 1887 / |
| Mención de responsabilidad, etc. | Atheneu Commercial. |
| 260 ## - PUBLICACIÓN, DISTRIBUCIÓN, ETC. | |
| Lugar de publicación, distribución, etc. | Porto : |
| Nombre del editor, distribuidor, etc. | [s.n.], |
| Fecha de publicación, distribución, etc. | 1888 ( |
| Fabricante | Typ. de Arthur José de Souza) |
| 300 ## - DESCRIPCIÓN FÍSICA | |
| Extensión | 403 p. ; |
| Dimensiones | 21 cm. |
| 610 27 - PUNTO DE ACCESO ADICIONAL DE MATERIA--NOMBRE DE ENTIDAD CORPORATIVA | |
| Nombre de entidad corporativa o nombre de jurisdicción como elemento de entrada | Ateneu Comercial do Porto. |
| Unidad subordinada | Biblioteca- |
| Subdivisión de forma | Catálogos |
| Fuente del encabezamiento o término | |
| 9 (RLIN) | 159147 |
| 852 ## - LOCALIZACIÓN | |
| Ubicación | ES-MaACL |
| Número de control de estantería | G-8728 |
| Estatus retirado | Estado de pérdida | Estado de daño | No para préstamo | Colección | Biblioteca de origen | Biblioteca actual | Ubicación en estantería | Fecha de adquisición | Fuente de adquisición | Total de préstamos | Signatura topográfica completa | Código de barras | Visto por última vez | Precio de reemplazo | Tipo de ítem Koha |
|---|---|---|---|---|---|---|---|---|---|---|---|---|---|---|---|
| Libros del s. XIX | Biblioteca del Ateneo de Madrid | Biblioteca del Ateneo de Madrid | Sala Pecera Planta 3 | 05/02/2016 | G-8728 | 1194683 | 23/02/2023 | 23/02/2023 | Libro impreso antiguo |
